000 00454nam a22001817a 4500
003 NUST - PNEC
005 20170116181055.0
008 150930b xxu||||| |||| 00| 0 eng d
020 _a8180522784
040 _cLIBRARY
082 _a658.15 SIN
100 _912022
_aPreeti Singh
245 _aFundamental of financial management
_cSingh, Preeti
250 _a2nd ed.
260 _c2009
650 _99338
_aCorporations--Finance
942 _2ddc
_cBK
999 _c68514
_d68514